| 000 | 00603nam a22001937a 4500 | ||
|---|---|---|---|
| 005 | 20170901140315.0 | ||
| 008 | 170901b2007 VE ||||| |||| 00| 0 spa d | ||
| 020 | _a9789801226376 | ||
| 040 |
_aCO-BoIAVH _cCO-BoIAVH |
||
| 041 | _aspa | ||
| 044 | _ave | ||
| 082 | 1 | 4 |
_a551.462 _bC19c |
| 245 | 0 | 0 | _aCaracterísticas oceanográficas de la fosa de Cariaco y su relación con los cambios climáticos |
| 260 |
_aCaracas: _bEdimar; _bIntecmar, _c2007. |
||
| 300 | _a24 páginas | ||
| 650 | 0 |
_aOceanografía _zVenezuela |
|
| 650 | 0 |
_aCuencas hidrográficas _zVenezuela |
|
| 942 |
_2ddc _cFolleto |
||
| 999 |
_c19795 _d19795 |
||